Secluded and proximate illiterates among couples: implications for health of women and children (Record no. 59591)

000 -LEADER
fixed length control field 01424pab a2200181 454500
008 - FIXED-LENGTH DATA ELEMENTS--GENERAL INFORMATION
fixed length control field 180718b2004 xxu||||| |||| 00| 0 eng d
100 ## - MAIN ENTRY--PERSONAL NAME
Personal name Mishra, Srijit
245 ## - TITLE STATEMENT
Title Secluded and proximate illiterates among couples: implications for health of women and children
260 ## - PUBLICATION, DISTRIBUTION, ETC.
Date of publication, distribution, etc. 2004
300 ## - PHYSICAL DESCRIPTION
Extent p.745-49.
362 ## - DATES OF PUBLICATION AND/OR SEQUENTIAL DESIGNATION
Dates of publication and/or sequential designation 14 Feb
520 ## - SUMMARY, ETC.
Summary, etc. This paper uses NFHS-2 (1998-99) data to explore certain linkages between literacy status of a couple (husband and wife) with outcomes like household standard of living index (SLI) and others having implications on women and child health. An attempt has also been made to link the proximate criterion in literacy in the couple domain with outcome variables such as SLI, instances of sickness among women from specific diseases as asthma, TB, malaria and jaundice; linkages with indicators like under-nutrition in women have also been analysed. The exercise affirms the advantage of proximate illiteracy over the secluded illiterate in terms of outcome measures of women and child health as well as household SLI. On the other hand, while patterns are not distinct in terms of a comparison between proximate female illiterate and proximate male literate, indications point to the latter doing comparatively better. - Reproduced.
650 ## - SUBJECT ADDED ENTRY--TOPICAL TERM
Topical term or geographic name entry element Children
650 ## - SUBJECT ADDED ENTRY--TOPICAL TERM
Topical term or geographic name entry element Illiterates
700 ## - ADDED ENTRY--PERSONAL NAME
Personal name Mishra, Udaya Shankar
773 ## - HOST ITEM ENTRY
Main entry heading Economic and Political Weekly
909 ## -
-- 59591
Holdings
Withdrawn status Lost status Damaged status Not for loan Permanent Location Current Location Date acquired Serial Enumeration / chronology Barcode Date last seen Price effective from Koha item type
        Indian Institute of Public Administration Indian Institute of Public Administration 2018-07-19 Volume no: 39, Issue no: 7 AR60036 2018-07-19 2018-07-19 Articles

Powered by Koha